Manon lescaut/ (Record no. 176052)

000 -LEADER
fixed length control field 00386nam a22001577a 4500
082 ## - DEWEY DECIMAL CLASSIFICATION NUMBER
Classification number M3 (FTr.)
Item number ABB/M
100 ## - MAIN ENTRY--AUTHOR NAME
Personal name Abbe Prevost
245 ## - TITLE STATEMENT
Title Manon lescaut/
Statement of responsibility, etc by Abbe Prevost
260 ## - PUBLICATION, DISTRIBUTION, ETC. (IMPRINT)
Place of publication
Name of publisher M Gangadharan,
Year of publication 1980
300 ## - PHYSICAL DESCRIPTION
Number of Pages 267p.
650 ## - SUBJECT ADDED ENTRY--TOPICAL TERM
Topical Term Translation French Novel
650 ## - SUBJECT ADDED ENTRY--TOPICAL TERM
Topical Term Novel Malayalam
650 ## - SUBJECT ADDED ENTRY--TOPICAL TERM
Topical Term Literature Malayalam
650 ## - SUBJECT ADDED ENTRY--TOPICAL TERM
Topical Term Literature
942 ## - ADDED ENTRY ELEMENTS (KOHA)
Koha item type Book
Holdings
Withdrawn status Lost status Damaged status Not for loan Permanent Location Current Location Shelving location Date acquired Cost, normal purchase price Full call number Accession Number Price effective from Koha item type
Write off       Sree Sankaracharya University of Sanskrit Sree Sankaracharya University of Sanskrit Stacks 23.12.2023 14.00 M3 (FTr.) ABB/M 014029 23.12.2023 Book